书目信息 |
| 题名: |
日常生活与化学
|
|
| 作者: | 陈昌亭 编著 | |
| 分册: | ||
| 出版信息: | 北京 中国社会出版社 1998.10 |
|
| 页数: | 255页 | |
| 开本: | 32开 | |
| 丛书名: | ||
| 单 册: | ||
| 中图分类: | G633.83 | |
| 科图分类: | ||
| 主题词: | 教育--各级 | |
| 电子资源: | ||
| ISBN: | 7-80146-044-8 | |
| 000 | 00561nam0 2200193 45 | |
| 001 | 0010041713 | |
| 005 | 20001004173841.0 | |
| 010 | @a7-80146-044-8@d9.00元 | |
| 100 | @a20001004d1998 km y0chiy0120 ea | |
| 101 | 0 | @achi |
| 105 | @a z 000yy | |
| 200 | 1 | @a日常生活与化学@ARi Chang Sheng Huo Yu Hua Xue@f陈昌亭 编著@FChen Chang Ting Bian Zhu |
| 210 | @a北京@c中国社会出版社@d1998.10 | |
| 215 | @a255页@d32开 | |
| 606 | 0 | @a教育@x各级 |
| 690 | @aG633.83@v3 | |
| 701 | 0 | @a陈昌亭@4编著 |
| 801 | @aCN@bPftUser@c20001004 | |
| 905 | @dG633.83@eCH831@b165999-003@f5 | |
| 日常生活与化学/陈昌亭 编著.-北京:中国社会出版社,1998.10 |
| 255页;32开 |
| ISBN 7-80146-044-8:9.00元 |
| ● |
| 相关链接 |
|
|
|
正题名:日常生活与化学
索取号:G633.83/CH831
 
预约/预借
| 序号 | 登录号 | 条形码 | 馆藏地/架位号 | 状态 | 备注 |
| 1 | 165999 | 201659990 | 社科二线422/422社科库 33排4列3层/ [索取号:G633.83/CH831] | 在馆 | |
| 2 | 166000 | 201660005 | 社科二线422/422社科库 33排4列3层/ [索取号:G633.83/CH831] | 在馆 | |
| 3 | 166001 | 201660014 | 社科二线422/422社科库 32排1列2层/ [索取号:G633.83/CH831] | 在馆 | |
| 4 | 166002 | 201660023 | 社科二线422/422社科库 33排4列3层/ [索取号:G633.83/CH831] | 在馆 | |
| 5 | 166003 | 201660032 | 社科二线422/409社科库 8排1列2层/ [索取号:G633.83/CH831] | 在馆 |